Pre-Reforms Indian Economy (Record no. 221231)
[ view plain ]
| 000 -LEADER | |
|---|---|
| fixed length control field | 00590nam a22002057a 4500 |
| 005 - DATE AND TIME OF LATEST TRANSACTION | |
| control field | 20220118114448.0 |
| 008 - FIXED-LENGTH DATA ELEMENTS--GENERAL INFORMATION | |
| fixed length control field | 220118b ||||| |||| 00| 0 eng d |
| 020 ## - INTERNATIONAL STANDARD BOOK NUMBER | |
| International Standard Book Number | 9789354955907 |
| 040 ## - CATALOGING SOURCE | |
| Transcribing agency | AL |
| 041 ## - LANGUAGE CODE | |
| Language code of text/sound track or separate title | Eng |
| 082 ## - DEWEY DECIMAL CLASSIFICATION NUMBER | |
| Edition number | 23 |
| Classification number | 338.954 |
| Item number | CHAP |
| 100 ## - MAIN ENTRY--PERSONAL NAME | |
| Personal name | Chandrashekar T C |
| 100 ## - MAIN ENTRY--PERSONAL NAME | |
| 9 (RLIN) | 13523 |
| 245 ## - TITLE STATEMENT | |
| Title | Pre-Reforms Indian Economy |
| 260 ## - PUBLICATION, DISTRIBUTION, ETC. | |
| Place of publication, distribution, etc. | Mumbai |
| Name of publisher, distributor, etc. | Himalaya Publishing House |
| Date of publication, distribution, etc. | 2022 |
| 300 ## - PHYSICAL DESCRIPTION | |
| Extent | 245 p. |
| Other physical details | PB |
| Dimensions | 24x18 cm. |
| 365 ## - TRADE PRICE | |
| Price type code | 5226 |
| Price amount | ₹200.00 |
| Currency code | ₹ |
| Unit of pricing | ₹250.00 |
| Price note | 20% |
| Price effective from | 17-01-2022 |
| 650 ## - SUBJECT ADDED ENTRY--TOPICAL TERM | |
| Topical term or geographic name entry element | Indian Economy |
| 9 (RLIN) | 13524 |
| 700 ## - ADDED ENTRY--PERSONAL NAME | |
| Personal name | CHANDRASHEKAR (T C) |
| 9 (RLIN) | 13525 |
| 942 ## - ADDED ENTRY ELEMENTS (KOHA) | |
| Source of classification or shelving scheme | Dewey Decimal Classification |
| Koha item type | Book |
| Withdrawn status | Lost status | Source of classification or shelving scheme | Damaged status | Not for loan | Collection code | Home library | Current library | Date acquired | Source of acquisition | Cost, normal purchase price | Total Checkouts | Full call number | Barcode | Date last seen | Cost, replacement price | Price effective from | Koha item type | Date last checked out |
|---|---|---|---|---|---|---|---|---|---|---|---|---|---|---|---|---|---|---|
| Dewey Decimal Classification | Economics | St Aloysius Library | St Aloysius Library | 01/18/2022 | Biblios Book Point | 200.00 | 338.954 CHAP | 075359 | 01/18/2022 | 250.00 | 01/18/2022 | Book | ||||||
| Dewey Decimal Classification | Economics | St Aloysius Library | St Aloysius Library | 01/18/2022 | Biblios Book Point | 200.00 | 2 | 338.954 CHAP | 075360 | 02/17/2024 | 250.00 | 01/18/2022 | Book | 02/10/2024 |